000 02441cam a2200349 a 4500
003 OSt
005 20210809153001.0
008 051011s2005 dcua b 000 0 eng d
020 _a0821364324
020 _a9780821364321
035 _a(OCoLC)ocm61807823
040 _aSIMAS
_cCO-JMCR
041 0 _aeng
082 0 0 _a332.1 /
_bB213f
_223
110 2 _aThe World Bank
_99685
245 1 0 _aFinancial sector assessment :
_ba handbook /
_cWorld Bank and International Monetary Fund.
260 _aWashington, D.C. :
_bWorld Bank and International Monetary Fund,
_c2005.
300 _axxiii, 459 pages :
_bblack and white illustrations and graphics ;
_c28 cm.
500 _a"September 2005."
504 _aIncludes bibliographical references.
505 0 _aFinancial sector assessment: Overall framework and executive suammary. -- indicators of financial structure, development, and soundness. -- Assessing financial stability. -- Assessing financial structure and financial development. -- Evaluating financial sector supervision: banking, insurance, and securites merkets. -- Assessing the supervision of other financial intermediaries. -- Rural and microfinance institutions: regulatory and supervisory issues. -- Assessing financial system integrity-Anti-money laundering and combating the financing of terrorism. -- Assessing the legal infrastructure for financial systems. -- Assessing information and governance infrastructure. -- Assessing systemic liquidity infrastucture. -- Sequencing financial sector reforms.
520 0 _aIn the wake of the financial crises of the late 1990s, there was a surge of interest in the systematic assessment of financial sectors, with a view to identifying vulnerabilities and evaluating the sector's developmental needs. Consequently, there has been an increased demand from financial sector authorities in many countries for information on key issues and sound practices in the assessment of financial systems and the appropriate design of policy responses.
650 1 4 _aFinancial services industry
_xState supervision.
_939196
650 2 4 _aBanks and banking
_xState supervision.
_939197
650 2 4 _aSecurities industry
_xState supervision.
_939198
650 2 4 _aInsurance
_xState supervision.
_939199
650 2 4 _aFinancial crises.
_939200
650 2 4 _aRisk assessment.
_939201
710 2 _aWorld Bank.
_939097
710 2 _aInternational Monetary Fund.
_939122
942 _2ddc
_cBK
999 _c12096
_d12096